La chanson de la croisade albigeoise. la chanson de guillaume de tudele /
Guardado en:
| Formato: | Libro |
|---|---|
| Publicado: |
Buenos Aires :
Fac. Filosofia Y Letras, Uba,
1960
|
| Series: | Historia Social, 22traduccion directa de la version francesa: Paris, Librairie Ancienne Honoree Champion, 1931.-
|
| Materias: | |
| Etiquetas: |
Agregar Etiqueta
Sin Etiquetas, Sea el primero en etiquetar este registro!
|
| LEADER | 00711nam a22001815a 4500 | ||
|---|---|---|---|
| 001 | EHU.bham024706 | ||
| 003 | AR-BHAM | ||
| 005 | 20130507154619.0 | ||
| 008 | 130507s1960##################000#0#####d | ||
| 082 | 9 | 0 | |a 900 |
| 245 | 0 | 0 | |a La chanson de la croisade albigeoise. la chanson de guillaume de tudele / |
| 260 | |a Buenos Aires : |b Fac. Filosofia Y Letras, Uba, |c 1960 | ||
| 300 | |a 6 p. | ||
| 490 | 0 | |a Historia Social, 22traduccion directa de la version francesa: Paris, Librairie Ancienne Honoree Champion, 1931.- | |
| 653 | |a Historia | ||
| 653 | |a Historia social | ||
| 859 | |a AR-BHAM |b BIB. HUMANIDADES - General |h 900 |i H629 |p 1154.61 |t Ej.1 |v 22 |3 22 | ||
| 859 | |a AR-BHAM |b BIB. HUMANIDADES - General |h 900 |i H629 |p 771.64 |t Ej.1 |v 22 |3 22 | ||
